[Event "Maribor it"]
[Site "Maribor YUG"]
[Date "1980.10.23"]
[Round "1"]
[White "Nikolac, Juraj"]
[Black "Kuligowski, Adam"]
[Result "1-0"]
[WhiteElo "2480"]
[BlackElo "2405"]
[EventDate "1980.10.23"]
[PlyCount "137"]
[Source "Perpetual Check"]

1.b3 Nf6 2.Bb2 b6 3.Nf3 e6 4.g3 Bb7 5.Bg2 Be7 6.O-O O-O 7.c4 c5 8.Nc3 d5 
9.cxd5 Nxd5 10.Qc2 Nc6 11.Nxd5 Qxd5 12.Rac1 Rac8 13.Qb1 Nd4 14.Bxd4 cxd4 
15.Rxc8 Rxc8 16.Rc1 Rc5 17.Ne1 Qd7 18.Nd3 Rxc1+ 19.Qxc1 Bxg2 20.Kxg2 b5 
21.f3 f6 22.Qc2 Kf7 23.a4 Bd6 24.Kf2 a6 25.axb5 axb5 26.f4 g6 27.Ne1 Qb7 
28.Nf3 Qd5 29.Qd3 e5 30.fxe5 Bxe5 31.Qc2 Kg7 32.Ke1 h5 33.Qd3 f5 34.Kf2 
Bf6 35.h4 Be5 36.Kg2 Qd6 37.Qxb5 Bxg3 38.Qb7+ Kf6 39.Qh7 Bf4 40.Qh8+ Kf7 
41.d3 Qe6 42.Kf1 Qxb3 43.Qxd4 Qb1+ 44.Kg2 Qc1 45.Qd7+ Kf6 46.Qe8 Qc5 47.d4
Qe7 48.Qc6+ Qe6 49.Qc3 Ke7 50.Qa3+ Qd6 51.Qb3 Qb8 52.Qa2 Qb6 53.e3 Bc7 54.
Ng5 Qf6 55.Qd5 Bb6 56.Qb7+ Ke8 57.Kf3 Bd8 58.Qd5 Bc7 59.Ne6 Bh2 60.Qa8+ 
Kf7 61.Ng5+ Ke7 62.Qb7+ Ke8 63.d5 Qa1 64.Qf7+ Kd8 65.Ne6+ Kc8 66.Qe8+ Kb7 
67.Nc5+ Ka7 68.Qd7+ Kb6 69.Qc6+ 1-0

[Event "Maribor it"]
[Site "Maribor YUG"]
[Date "1980.10.23"]
[Round "1"]
[White "Musil, Vojko"]
[Black "Danner, Georg"]
[Result "1/2-1/2"]
[WhiteElo "2400"]
[BlackElo "2345"]
[EventDate "1980.10.23"]
[PlyCount "29"]
[Source "Perpetual Check"]

1.e4 c5 2.Nf3 d6 3.Bb5+ Bd7 4.Bxd7+ Qxd7 5.c4 Nc6 6.O-O Nf6 7.Nc3 g6 8.Re1
Bg7 9.h3 O-O 10.d3 Rab8 11.Bg5 h6 12.Be3 Rfc8 13.Rc1 Kh7 14.b3 Qd8 15.d4 
1/2-1/2

[Event "Maribor it"]
[Site "Maribor YUG"]
[Date "1980.10.23"]
[Round "1"]
[White "Polajzer, Danilo"]
[Black "Osterman, Rudolf"]
[Result "1/2-1/2"]
[WhiteElo "2215"]
[BlackElo "2335"]
[EventDate "1980.10.23"]
[PlyCount "46"]
[Source "Perpetual Check"]

1.e4 e5 2.Nf3 Nc6 3.Bb5 a6 4.Ba4 Nf6 5.O-O b5 6.Bb3 Bb7 7.Re1 Bc5 8.c3 O-O
9.d4 Bb6 10.Bg5 h6 11.Bh4 d6 12.a4 exd4 13.axb5 axb5 14.Rxa8 Bxa8 15.cxd4 
Re8 16.d5 Ne5 17.Nxe5 Rxe5 18.Qd3 c6 19.Bg3 Re8 20.dxc6 Bxc6 21.Nc3 Qa8 
22.Qxd6 Nxe4 23.Nxe4 Rxe4 1/2-1/2

[Event "Maribor it"]
[Site "Maribor YUG"]
[Date "1980.10.23"]
[Round "1"]
[White "Supancic, Darko"]
[Black "Ree, Hans"]
[Result "1/2-1/2"]
[WhiteElo "2335"]
[BlackElo "2520"]
[EventDate "1980.10.23"]
[PlyCount "35"]
[Source "Perpetual Check"]

1.d4 Nf6 2.Nf3 g6 3.Bf4 Bg7 4.e3 O-O 5.h3 d6 6.Be2 Nbd7 7.c4 e5 8.Bh2 exd4
9.Nxd4 d5 10.Nc3 dxc4 11.Bxc4 a6 12.Be2 c5 13.Nb3 Re8 14.a4 Ne4 15.Nxe4 
Rxe4 16.O-O Qf6 17.Nd2 Rb4 18.Nc4 1/2-1/2

[Event "Maribor it"]
[Site "Maribor YUG"]
[Date "1980.10.24"]
[Round "2"]
[White "Kovacevic, Vlatko"]
[Black "Ree, Hans"]
[Result "1-0"]
[WhiteElo "2510"]
[BlackElo "2520"]
[EventDate "1980.10.23"]
[PlyCount "45"]
[Source "Perpetual Check"]

1.d4 Nf6 2.Nf3 d5 3.Bf4 e6 4.Nbd2 c5 5.e3 Be7 6.c3 O-O 7.Bd3 Nbd7 8.h4 b6 
9.Ne5 Nxe5 10.dxe5 Nd7 11.Bxh7+ Kxh7 12.Qh5+ Kg8 13.Nf3 f6 14.Ng5 fxg5 15.
hxg5 Rf5 16.Qh7+ Kf7 17.g6+ Ke8 18.Qxg7 Bf8 19.Qh8 Rg5 20.Qg8 Nxe5 21.Bxe5
Kd7 22.Rh8 Bb7 23.Qh7+ 1-0

[Event "Maribor it"]
[Site "Maribor YUG"]
[Date "1980.10.24"]
[Round "2"]
[White "Osterman, Rudolf"]
[Black "Supancic, Darko"]
[Result "1/2-1/2"]
[WhiteElo "2335"]
[BlackElo "2335"]
[EventDate "1980.10.23"]
[PlyCount "22"]
[Source "Perpetual Check"]

1.d4 Nf6 2.c4 d6 3.Nc3 e5 4.dxe5 dxe5 5.Qxd8+ Kxd8 6.Nf3 Nfd7 7.b3 f6 8.
Bb2 c6 9.e3 Kc7 10.Be2 a5 11.O-O Nc5 1/2-1/2

[Event "Maribor it"]
[Site "Maribor YUG"]
[Date "1980.10.24"]
[Round "2"]
[White "Danner, Georg"]
[Black "Plachetka, Jan"]
[Result "0-1"]
[WhiteElo "2345"]
[BlackElo "2480"]
[EventDate "1980.10.23"]
[PlyCount "118"]
[Source "Perpetual Check"]

1.d4 Nf6 2.c4 g6 3.Nc3 d5 4.cxd5 Nxd5 5.e4 Nxc3 6.bxc3 Bg7 7.Bc4 O-O 8.Ne2
c5 9.O-O Qc7 10.Bf4 e5 11.Bxe5 Bxe5 12.dxe5 Qxe5 13.Bd5 Nc6 14.Qd2 Rd8 15.
Rad1 Qe7 16.f4 Be6 17.c4 Bxd5 18.exd5 b6 19.f5 Na5 20.f6 Qf8 21.Qd3 Nb7 
22.Nc3 Nd6 23.Ne4 Re8 24.Rde1 Re5 25.Nxd6 Qxd6 26.Qd2 Rae8 27.Qh6 Qf8 28.
Rxe5 Rxe5 29.Qf4 Qd6 30.a4 h5 31.Qh6 Qf8 32.Qf4 Qd6 33.a5 Kh7 34.axb6 axb6
35.g3 b5 36.cxb5 Qxd5 37.b6 Re2 38.Rf2 Re4 39.Qd2 Rd4 40.Qe2 Rb4 41.Qf3 
Qxf3 42.Rxf3 Rxb6 43.h4 c4 44.Rc3 Rc6 45.Kg2 g5 46.hxg5 Kg6 47.Kf3 Kxg5 
48.Ke4 Kxf6 49.Kd5 Rc8 50.Kd6 Kg5 51.Kd7 Ra8 52.Rxc4 Ra3 53.Rc5+ f5 54.Ke6
Re3+ 55.Kd5 Rxg3 56.Kd4 h4 57.Rc8 h3 58.Rg8+ Kf4 59.Rh8 Kf3 0-1

[Event "Maribor it"]
[Site "Maribor YUG"]
[Date "1980.10.24"]
[Round "2"]
[White "Kuligowski, Adam"]
[Black "Musil, Vojko"]
[Result "1-0"]
[WhiteElo "2405"]
[BlackElo "2400"]
[EventDate "1980.10.23"]
[PlyCount "87"]
[Source "Perpetual Check"]

1.Nf3 Nf6 2.d4 d5 3.c4 e6 4.Bg5 Be7 5.Nc3 h6 6.Bh4 O-O 7.e3 b6 8.Rc1 a5 9.
a3 Bb7 10.Bxf6 Bxf6 11.cxd5 exd5 12.b4 axb4 13.axb4 c6 14.Qb3 Qd6 15.Be2 
Be7 16.Rb1 Bc8 17.Ne5 Bf5 18.Nd3 Na6 19.b5 Nc7 20.bxc6 b5 21.Rc1 Ra3 22.
Qd1 Bxd3 23.Bxd3 Qb4 24.Qc2 Qa5 25.O-O b4 26.Nb1 Ra2 27.Qd1 Rb8 28.Bc2 Qb5
29.Bb3 Ra6 30.Nd2 Rbb6 31.Nf3 Rxc6 32.Ne5 Rc3 33.Rxc3 bxc3 34.Qc2 Bb4 35.
Rb1 Qa5 36.Qf5 Rf6 37.Qc8+ Kh7 38.h4 g6 39.h5 Kg7 40.hxg6 fxg6 41.Qd7+ Kf8
42.Qd8+ Kg7 43.Qd7+ Kf8 44.Bc2 1-0

[Event "Maribor it"]
[Site "Maribor YUG"]
[Date "1980.10.24"]
[Round "2"]
[White "Knezevic, Milorad"]
[Black "Nikolac, Juraj"]
[Result "1/2-1/2"]
[WhiteElo "2490"]
[BlackElo "2480"]
[EventDate "1980.10.23"]
[PlyCount "33"]
[Source "Perpetual Check"]

1.d4 Nf6 2.c4 e6 3.Nc3 Bb4 4.Qc2 d5 5.cxd5 exd5 6.Bg5 h6 7.Bxf6 Qxf6 8.a3 
Bxc3+ 9.Qxc3 c6 10.e3 O-O 11.Nf3 Bf5 12.Ne5 Nd7 13.Nxd7 Bxd7 14.Be2 Bf5 
15.O-O Rfe8 16.Rfe1 Be4 17.Bf1 1/2-1/2

[Event "Maribor it"]
[Site "Maribor YUG"]
[Date "1980.10.24"]
[Round "2"]
[White "Speelman, Jonathan Simon"]
[Black "Rakic, Tomislav"]
[Result "1-0"]
[WhiteElo "2490"]
[BlackElo "2455"]
[EventDate "1980.10.23"]
[PlyCount "71"]
[Source "Perpetual Check"]

1.e4 c5 2.Nf3 Nc6 3.d4 cxd4 4.Nxd4 Nf6 5.Nc3 d6 6.g3 h5 7.Bg5 Bg4 8.f3 Bd7
9.Qd2 Nxd4 10.Qxd4 Qa5 11.Bd2 e5 12.Qd3 Qc5 13.O-O-O a6 14.Kb1 Be6 15.Be3 
Qc7 16.f4 Rc8 17.Nd5 Qc6 18.Bg2 Nd7 19.Rd2 h4 20.Re1 hxg3 21.hxg3 Rh2 22.
Bg1 Rh8 23.Rc1 b5 24.Qa3 Bxd5 25.exd5 Qb7 26.Re1 f6 27.Be4 Nc5 28.Bf5 Rc7 
29.Bxc5 Rxc5 30.Be6 b4 31.Qd3 Kd8 32.fxe5 fxe5 33.Rf2 Qb5 34.Qg6 Qc4 35.
Rc1 Qd4 36.Rxf8+ 1-0

[Event "Maribor it"]
[Site "Maribor YUG"]
[Date "1980.10.25"]
[Round "3"]
[White "Rakic, Tomislav"]
[Black "Kovacevic, Vlatko"]
[Result "0-1"]
[WhiteElo "2455"]
[BlackElo "2510"]
[EventDate "1980.10.23"]
[PlyCount "118"]
[Source "Perpetual Check"]

1.d4 Nf6 2.Nf3 g6 3.Bg5 Bg7 4.Nc3 d5 5.Bxf6 exf6 6.e3 O-O 7.Bd3 c6 8.O-O 
f5 9.Ne2 Be6 10.Nf4 Qe7 11.h4 Nd7 12.g3 Nf6 13.Kg2 Ne4 14.c3 Rad8 15.a4 
Rfe8 16.Qc2 Bh6 17.Rh1 Qd6 18.Ng1 Re7 19.Nge2 Rde8 20.b4 Nf6 21.Nc1 Bc8 
22.Be2 Ng4 23.Ncd3 b6 24.Bf3 Bb7 25.Qa2 Nf6 26.c4 dxc4 27.Qxc4 Ne4 28.Rad1
Bg7 29.Rhe1 Kf8 30.a5 h6 31.a6 Ba8 32.Bxe4 Rxe4 33.f3 R4e7 34.Kf2 Bh8 35.
Ne5 Bxe5 36.dxe5 Qxe5 37.Qd4 c5 38.bxc5 bxc5 39.Qxe5 Rxe5 40.Rd7 R5e7 41.
Rd6 Rc7 42.h5 g5 43.Ne2 Rce7 44.Nc3 Re6 45.Nb5 Bc6 46.Rxe6 Rxe6 47.Nxa7 
Bd7 48.Ra1 Ke7 49.Ra5 Rb6 50.Rxc5 Rxa6 51.Rc7 Ra2+ 52.Kf1 Kd6 53.Rb7 Be6 
54.Kg1 Kc5 55.Kf1 g4 56.f4 Bc4+ 57.Kg1 Rg2+ 58.Kh1 Rxg3 59.Rc7+ Kb4 0-1

[Event "Maribor it"]
[Site "Maribor YUG"]
[Date "1980.10.25"]
[Round "3"]
[White "Musil, Vojko"]
[Black "Knezevic, Milorad"]
[Result "1/2-1/2"]
[WhiteElo "2400"]
[BlackElo "2490"]
[EventDate "1980.10.23"]
[PlyCount "35"]
[Source "Perpetual Check"]

1.e4 e5 2.Nf3 Nc6 3.d4 exd4 4.Nxd4 Qh4 5.Nf3 Qxe4+ 6.Be2 Qe7 7.O-O Qd8 8.
Re1 Be7 9.Bb5 Nf6 10.Qe2 a6 11.Bxc6 dxc6 12.Nc3 Be6 13.Ng5 Bd5 14.Bd2 Kf8 
15.Rad1 Bd6 16.Nxd5 cxd5 17.c4 h6 18.Nf3 1/2-1/2

[Event "Maribor it"]
[Site "Maribor YUG"]
[Date "1980.10.25"]
[Round "3"]
[White "Plachetka, Jan"]
[Black "Kuligowski, Adam"]
[Result "0-1"]
[WhiteElo "2480"]
[BlackElo "2405"]
[EventDate "1980.10.23"]
[PlyCount "76"]
[Source "Perpetual Check"]

1.c4 e5 2.Nc3 Nf6 3.g3 Bb4 4.Bg2 O-O 5.Nf3 Re8 6.O-O e4 7.Nd4 Bxc3 8.dxc3 
b6 9.Bg5 h6 10.Bxf6 Qxf6 11.f4 Bb7 12.Nc2 d6 13.Ne3 Nd7 14.Qc2 Qe6 15.g4 
Nf6 16.Qd2 Rad8 17.Rad1 Rd7 18.g5 hxg5 19.fxg5 Nh5 20.Qe1 Qg6 21.Rf5 Rde7 
22.Qh4 Bc8 23.Bh3 Nf6 24.Rdf1 Bxf5 25.Bxf5 Qh5 26.Qg3 Nh7 27.h4 Qxe2 28.g6
Nf8 29.Nd5 Qxc4 30.Nxe7+ Rxe7 31.Qg5 Re5 32.gxf7+ Qxf7 33.Qf4 Qe7 34.h5 e3
35.Bg4 e2 36.Re1 Qg5 37.Qf3 Re8 38.Qg2 Qh4 0-1

[Event "Maribor it"]
[Site "Maribor YUG"]
[Date "1980.10.25"]
[Round "3"]
[White "Polajzer, Danilo"]
[Black "Danner, Georg"]
[Result "1-0"]
[WhiteElo "2215"]
[BlackElo "2345"]
[EventDate "1980.10.23"]
[PlyCount "103"]
[Source "Perpetual Check"]

1.d4 c5 2.e4 cxd4 3.Nf3 d6 4.Nxd4 Nf6 5.Nc3 a6 6.a4 e5 7.Nf3 h6 8.Bc4 Qc7 
9.Qe2 Be7 10.O-O Be6 11.Bb3 Nbd7 12.Rd1 O-O 13.Nh4 Nb6 14.Nf5 Bxf5 15.exf5
Rac8 16.Qf3 Rfd8 17.Be3 Nc4 18.Nd5 Nxd5 19.Qxd5 Bf6 20.a5 Nxe3 21.fxe3 Bg5
22.e4 Qe7 23.Qd3 Rc5 24.Ra3 Qc7 25.Rda1 Rc8 26.c3 Rb5 27.Kf1 Qc5 28.R1a2 
Bc1 29.Qe2 Qe3 30.Qxe3 Bxe3 31.Bd5 Bc1 32.Rb3 Rcc5 33.Rxb5 Rxb5 34.b4 Rxd5
35.exd5 Bg5 36.c4 Kf8 37.b5 Bd8 38.Ke2 Ke7 39.Kd3 Kf6 40.Ke4 h5 41.bxa6 
bxa6 42.c5 dxc5 43.d6 g6 44.fxg6 fxg6 45.Kd5 c4 46.Rf2+ Kg5 47.Kxc4 Bxa5 
48.d7 h4 49.Rf8 Kg4 50.Kd5 h3 51.g3 Bc7 52.Ke4 1-0

[Event "Maribor it"]
[Site "Maribor YUG"]
[Date "1980.10.25"]
[Round "3"]
[White "Ree, Hans"]
[Black "Osterman, Rudolf"]
[Result "1-0"]
[WhiteElo "2520"]
[BlackElo "2335"]
[EventDate "1980.10.23"]
[PlyCount "67"]
[Source "Perpetual Check"]

1.d4 d5 2.c4 dxc4 3.Nf3 Nf6 4.Qa4+ c6 5.Qxc4 g6 6.Nc3 Bg7 7.e4 O-O 8.Be2 
Nbd7 9.O-O Nb6 10.Qd3 Bg4 11.Rd1 e6 12.h3 Bxf3 13.Qxf3 Nfd7 14.Be3 Qe7 15.
Rac1 Rac8 16.Qg3 e5 17.d5 cxd5 18.Nxd5 Nxd5 19.Rxc8 Rxc8 20.Rxd5 Nb6 21.
Rd2 Bf6 22.Bh6 Bg7 23.Bg5 Bf6 24.h4 Bxg5 25.hxg5 Kg7 26.b3 Rc6 27.Qe3 Qb4 
28.Bf1 Rd6 29.Rxd6 Qxd6 30.g3 a6 31.a4 Nd7 32.Bc4 f6 33.Qa7 Nc5 34.b4 1-0

[Event "Maribor it"]
[Site "Maribor YUG"]
[Date "1980.10.26"]
[Round "4"]
[White "Kovacevic, Vlatko"]
[Black "Osterman, Rudolf"]
[Result "1-0"]
[WhiteElo "2510"]
[BlackElo "2335"]
[EventDate "1980.10.23"]
[PlyCount "79"]
[Source "Perpetual Check"]

1.d4 Nf6 2.Nf3 g6 3.Bf4 d6 4.h3 Bg7 5.e3 Nbd7 6.Be2 O-O 7.O-O Qe8 8.c4 e5 
9.Bh2 Qe7 10.Nc3 c6 11.b4 e4 12.Nd2 Re8 13.Qb3 h5 14.c5 d5 15.b5 Qe6 16.
bxc6 bxc6 17.Qa4 Nf8 18.Bd6 Bd7 19.Ba6 N8h7 20.Bb7 Ng5 21.Rfb1 Nxh3+ 22.
gxh3 Qxh3 23.Qd1 Rad8 24.Qf1 Qh4 25.Qg2 Ng4 26.Bc7 Bxd4 27.exd4 e3 28.fxe3
Nxe3 29.Nf3 Qf6 30.Bxd8 Rxd8 31.Qf2 Ng4 32.Qg3 h4 33.Qg2 Ne3 34.Qg5 Qxf3 
35.Rf1 Nxf1 36.Rxf1 Qg3+ 37.Qxg3 hxg3 38.Rf6 Bh3 39.Bxc6 Rb8 40.Bxd5 1-0

[Event "Maribor it"]
[Site "Maribor YUG"]
[Date "1980.10.26"]
[Round "4"]
[White "Velimirovic, Dragoljub"]
[Black "Ree, Hans"]
[Result "1-0"]
[WhiteElo "2515"]
[BlackElo "2520"]
[EventDate "1980.10.23"]
[PlyCount "87"]
[Source "Perpetual Check"]

1.e4 e6 2.d4 d5 3.Nd2 c5 4.Ngf3 Nc6 5.exd5 exd5 6.Bb5 Bd6 7.O-O cxd4 8.Nb3
Ne7 9.Nbxd4 O-O 10.c3 Bg4 11.Be2 a6 12.Be3 Qc7 13.h3 Bh5 14.Nh4 Bxe2 15.
Qxe2 Rfe8 16.Rfe1 Qd7 17.Qh5 g6 18.Qh6 Be5 19.Nxc6 Qxc6 20.Rad1 Rad8 21.
Bd4 Bxd4 22.Rxd4 Qf6 23.Re3 Nf5 24.Nxf5 Qxf5 25.Rh4 g5 26.Rh5 f6 27.Rf3 
Re1+ 28.Kh2 Qe5+ 29.g3 Rd7 30.Qxf6 Qxf6 31.Rxf6 Re5 32.h4 Rg7 33.Rxg5 
Rgxg5 34.hxg5 Re2 35.Rb6 Rxf2+ 36.Kh3 Rf7 37.Kg4 Kf8 38.Rf6 Ke7 39.Rxf7+ 
Kxf7 40.Kf5 Kg7 41.a4 a5 42.g4 Kf7 43.g6+ hxg6+ 44.Ke5 1-0

[Event "Maribor it"]
[Site "Maribor YUG"]
[Date "1980.10.26"]
[Round "4"]
[White "Danner, Georg"]
[Black "Supancic, Darko"]
[Result "1/2-1/2"]
[WhiteElo "2345"]
[BlackElo "2335"]
[EventDate "1980.10.23"]
[PlyCount "61"]
[Source "Perpetual Check"]

1.d4 d6 2.c4 e5 3.Nf3 Nd7 4.Nc3 Ngf6 5.Bg5 c6 6.e3 Qa5 7.Qd2 Be7 8.Bd3 O-O
9.O-O Qd8 10.Qc2 g6 11.Rfd1 Qc7 12.b4 Re8 13.Rab1 a5 14.b5 Kg7 15.h3 Ng8 
16.Bxe7 Rxe7 17.bxc6 bxc6 18.d5 Nc5 19.dxc6 Qxc6 20.Nd5 Rb7 21.Rxb7 Bxb7 
22.Rb1 Re8 23.Rb6 Qd7 24.Nd2 Qd8 25.Ne4 Nxe4 26.Rxb7 Nc5 27.Rb5 Ne7 28.Qc3
Nxd5 29.cxd5 Re7 30.Bc4 Ra7 31.Qb2 1/2-1/2

[Event "Maribor it"]
[Site "Maribor YUG"]
[Date "1980.10.26"]
[Round "4"]
[White "Kuligowski, Adam"]
[Black "Polajzer, Danilo"]
[Result "1-0"]
[WhiteElo "2405"]
[BlackElo "2215"]
[EventDate "1980.10.23"]
[PlyCount "113"]
[Source "Perpetual Check"]

1.d4 Nf6 2.c4 e6 3.Nf3 b6 4.a3 Bb7 5.Nc3 d5 6.cxd5 Nxd5 7.e3 Be7 8.Bb5+ c6
9.Bd3 Nxc3 10.bxc3 c5 11.e4 Nc6 12.Be3 cxd4 13.cxd4 Rc8 14.O-O O-O 15.Qe2 
Na5 16.Rfe1 Kh8 17.Ra2 f5 18.Bd2 Nb3 19.exf5 Bxf3 20.Qxf3 Nxd2 21.Rxd2 
Bxa3 22.Qh3 exf5 23.Bxf5 Rxf5 24.Qxf5 Bb4 25.Rdd1 Bxe1 26.Rxe1 Qf8 27.Qd7 
Qd8 28.Qf7 h6 29.d5 Qc7 30.Qf5 Rd8 31.g3 Qd6 32.Re6 Qc5 33.Rxh6+ gxh6 34.
Qf6+ Kg8 35.Qxd8+ Kf7 36.d6 Qc1+ 37.Kg2 Qc6+ 38.Kh3 Qe8 39.Qc7+ Ke6 40.
Qxa7 Qh5+ 41.Kg2 Qd5+ 42.f3 Qxd6 43.Qa2+ Kf6 44.Qc4 Qd2+ 45.Kh3 Qd7+ 46.g4
b5 47.Qf4+ Kg7 48.Qe5+ Kf7 49.Qe4 Kg7 50.f4 Qd6 51.Kh4 b4 52.Kh5 b3 53.
Qb7+ Kh8 54.Qxb3 Qxf4 55.Qc3+ Kh7 56.Qd3+ Kg8 57.Qd8+ 1-0

[Event "Maribor it"]
[Site "Maribor YUG"]
[Date "1980.10.26"]
[Round "4"]
[White "Knezevic, Milorad"]
[Black "Plachetka, Jan"]
[Result "1/2-1/2"]
[WhiteElo "2490"]
[BlackElo "2480"]
[EventDate "1980.10.23"]
[PlyCount "39"]
[Source "Perpetual Check"]

1.d4 e6 2.c4 Nf6 3.Qc2 Bb4+ 4.Nc3 c5 5.dxc5 O-O 6.Nf3 Na6 7.e3 Nxc5 8.Bd2 
b6 9.Be2 Bb7 10.O-O Nce4 11.Nxe4 Bxe4 12.Bd3 Bxd3 13.Qxd3 Bxd2 14.Qxd2 d5 
15.cxd5 Qxd5 16.Qxd5 Nxd5 17.a3 Rfc8 18.Rfc1 Kf8 19.Kf1 Ke7 20.Ke2 1/2-1/2

[Event "Maribor it"]
[Site "Maribor YUG"]
[Date "1980.10.26"]
[Round "4"]
[White "Speelman, Jonathan Simon"]
[Black "Musil, Vojko"]
[Result "1/2-1/2"]
[WhiteElo "2490"]
[BlackElo "2400"]
[EventDate "1980.10.23"]
[PlyCount "33"]
[Source "Perpetual Check"]

1.Nf3 d5 2.c4 e6 3.g3 Nf6 4.Bg2 Be7 5.O-O O-O 6.b3 b6 7.Bb2 Bb7 8.cxd5 
Nxd5 9.d4 c5 10.dxc5 Bxc5 11.Nc3 Qe7 12.Qb1 Nxc3 13.Bxc3 Nc6 14.a3 e5 15.
b4 Bd4 16.Bxd4 Nxd4 17.Nxd4 1/2-1/2

[Event "Maribor it"]
[Site "Maribor YUG"]
[Date "1980.10.26"]
[Round "4"]
[White "Rakic, Tomislav"]
[Black "Nikolac, Juraj"]
[Result "1/2-1/2"]
[WhiteElo "2455"]
[BlackElo "2480"]
[EventDate "1980.10.23"]
[PlyCount "81"]
[Source "Perpetual Check"]

1.d4 d5 2.Nf3 Nf6 3.Bf4 c6 4.Nbd2 Bf5 5.c4 Nbd7 6.Qb3 Qb6 7.c5 Qxb3 8.axb3
h6 9.h3 g5 10.Bh2 Ne4 11.e3 Nxd2 12.Kxd2 a6 13.b4 Rc8 14.Ne1 Bg7 15.Nd3 
O-O 16.f3 Rfe8 17.Nc1 e5 18.Nb3 Re7 19.Bg3 Rce8 20.Re1 Bh7 21.h4 Bg6 22.
hxg5 hxg5 23.Bd3 Bxd3 24.Kxd3 f5 25.Rh5 exd4 26.Nxd4 f4 27.Bf2 fxe3 28.
Rxe3 Rxe3+ 29.Bxe3 Ne5+ 30.Kc2 Nxf3 31.gxf3 Rxe3 32.Rxg5 Re7 33.Nf5 Rd7 
34.Rg2 Kh7 35.Nd6 Be5 36.Re2 Bxd6 37.cxd6 Kg6 38.Re6+ Kf5 39.Re7 Rxd6 40.
Rxb7 Kf4 41.Kd3 1/2-1/2

[Event "Maribor it"]
[Site "Maribor YUG"]
[Date "1980.10.28"]
[Round "5"]
[White "Musil, Vojko"]
[Black "Rakic, Tomislav"]
[Result "1/2-1/2"]
[WhiteElo "2400"]
[BlackElo "2455"]
[EventDate "1980.10.23"]
[PlyCount "29"]
[Source "Perpetual Check"]

1.e4 e6 2.d4 d5 3.Nd2 c5 4.exd5 exd5 5.Bb5+ Nc6 6.Ngf3 Bd6 7.dxc5 Bxc5 8.
O-O Ne7 9.Nb3 Bd6 10.Nbd4 O-O 11.c3 Bg4 12.Be2 a6 13.h3 Bh5 14.Bg5 Qc7 15.
Re1 1/2-1/2

[Event "Maribor it"]
[Site "Maribor YUG"]
[Date "1980.10.28"]
[Round "5"]
[White "Plachetka, Jan"]
[Black "Speelman, Jonathan Simon"]
[Result "1/2-1/2"]
[WhiteElo "2480"]
[BlackElo "2490"]
[EventDate "1980.10.23"]
[PlyCount "49"]
[Source "Perpetual Check"]

1.Nf3 Nf6 2.c4 e6 3.g3 a6 4.Bg2 b5 5.b3 Bb7 6.O-O c5 7.Bb2 Be7 8.Nc3 b4 9.
Na4 d6 10.d4 cxd4 11.Nxd4 Bxg2 12.Kxg2 Qc7 13.a3 bxa3 14.Bxa3 O-O 15.Qd3 
Nbd7 16.Nf3 Rfd8 17.Rfd1 Qb7 18.Qe3 Ne5 19.Qb6 Qe4 20.Nc3 Qc6 21.Qxc6 Nxc6
22.e3 Rab8 23.Nd2 Kf8 24.Rdb1 Rb7 25.Bc1 1/2-1/2

[Event "Maribor it"]
[Site "Maribor YUG"]
[Date "1980.10.28"]
[Round "5"]
[White "Polajzer, Danilo"]
[Black "Knezevic, Milorad"]
[Result "1/2-1/2"]
[WhiteElo "2215"]
[BlackElo "2490"]
[EventDate "1980.10.23"]
[PlyCount "76"]
[Source "Perpetual Check"]

1.e4 Nf6 2.e5 Nd5 3.d4 d6 4.Nf3 Bg4 5.Be2 c6 6.O-O Bxf3 7.Bxf3 dxe5 8.dxe5
e6 9.Qe2 Nd7 10.c4 Ne7 11.Bf4 Ng6 12.Bg3 Qa5 13.Re1 Bb4 14.Nc3 Bxc3 15.
bxc3 Qxc3 16.Rab1 Nc5 17.h4 O-O 18.h5 Ne7 19.Rec1 Qa5 20.Bf4 Nf5 21.Bd2 
Qxa2 22.Ra1 Qb3 23.Rcb1 Qc2 24.Bb4 Qxe2 25.Bxe2 b6 26.Bxc5 bxc5 27.Ra6 Nd4
28.Bf3 f5 29.Bxc6 Rab8 30.Rba1 Nc2 31.Bd7 Nxa1 32.Bxe6+ Kh8 33.Rxa1 Rfe8 
34.Bd5 Re7 35.f4 Rb6 36.Ra5 Rc7 37.Kh2 h6 38.g4 fxg4 1/2-1/2

[Event "Maribor it"]
[Site "Maribor YUG"]
[Date "1980.10.28"]
[Round "5"]
[White "Supancic, Darko"]
[Black "Kuligowski, Adam"]
[Result "0-1"]
[WhiteElo "2335"]
[BlackElo "2405"]
[EventDate "1980.10.23"]
[PlyCount "145"]
[Source "Perpetual Check"]

1.d4 Nf6 2.Nf3 g6 3.Bf4 d6 4.Nc3 Bg7 5.e4 O-O 6.Qd2 Bg4 7.Be2 Nc6 8.d5 e5 
9.dxe6 fxe6 10.O-O-O Bxf3 11.Bxf3 Nd7 12.Be3 Nce5 13.Be2 Nb6 14.f3 Nec4 
15.Bxc4 Nxc4 16.Qd3 Nxe3 17.Qxe3 a6 18.h4 Qf6 19.Rd3 Qe5 20.Qg5 c6 21.Qxe5
Bxe5 22.h5 g5 23.Nd1 g4 24.Nf2 gxf3 25.gxf3 Rf7 26.Ng4 Bf4+ 27.Kd1 Kf8 28.
Ke2 Ke7 29.a4 d5 30.Nf2 Rg8 31.exd5 exd5 32.Ng4 Rf5 33.Rb3 Rb8 34.Kf2 Kd6 
35.a5 Kc7 36.Re1 Bd6 37.h6 Rg8 38.Kg2 d4 39.Re4 c5 40.Rb6 Rg6 41.b3 c4 42.
b4 Rd5 43.Kf1 Rf5 44.Kg2 Rb5 45.Rxd4 Rxb6 46.axb6+ Kxb6 47.Rxc4 Kb5 48.Rd4
b6 49.Kf1 Bf8 50.Rd7 Bxh6 51.Rxh7 Bg7 52.Rh4 Bc3 53.Nf2 Bxb4 54.Nd3 Bc3 
55.Rh5+ Ka4 56.Nf4 Rc6 57.Nd5 b5 58.Ke2 Ka3 59.Kd3 Rc5 60.Rh6 Rxd5+ 61.
Kxc3 a5 62.Rh2 a4 63.f4 Rc5+ 64.Kd3 b4 65.Rf2 Rc3+ 66.Kd4 Kb2 67.f5 a3 68.
f6 a2 69.f7 a1=Q 70.f8=Q Qa7+ 71.Kd5 Qd7+ 72.Ke4 Qe6+ 73.Kf4 0-1

[Event "Maribor it"]
[Site "Maribor YUG"]
[Date "1980.10.28"]
[Round "5"]
[White "Ree, Hans"]
[Black "Danner, Georg"]
[Result "1-0"]
[WhiteElo "2520"]
[BlackElo "2345"]
[EventDate "1980.10.23"]
[PlyCount "75"]
[Source "Perpetual Check"]

1.d4 c5 2.d5 Nf6 3.c4 e6 4.Nc3 exd5 5.cxd5 d6 6.e4 g6 7.Bf4 a6 8.Nf3 Bg7 
9.Bd3 O-O 10.h3 b5 11.O-O Re8 12.Re1 Bb7 13.Rc1 c4 14.Bb1 Qb6 15.b4 cxb3 
16.axb3 Nbd7 17.b4 Rac8 18.Qb3 Nh5 19.Be3 Qd8 20.Ne2 Qe7 21.Ned4 Ne5 22.
Nxe5 Qxe5 23.Qa2 Nf6 24.Nc6 Bxc6 25.dxc6 Nxe4 26.Bxe4 Qxe4 27.Bd2 Qf5 28.
Qxa6 Bd4 29.Be3 Bb2 30.Rb1 Bc3 31.Rec1 d5 32.Qxb5 d4 33.Qxf5 gxf5 34.b5 
Re6 35.b6 dxe3 36.b7 Rexc6 37.bxc8=Q+ Rxc8 38.fxe3 1-0

[Event "Maribor it"]
[Site "Maribor YUG"]
[Date "1980.10.29"]
[Round "6"]
[White "Danner, Georg"]
[Black "Osterman, Rudolf"]
[Result "0-1"]
[WhiteElo "2345"]
[BlackElo "2335"]
[EventDate "1980.10.23"]
[PlyCount "80"]
[Source "Perpetual Check"]

1.d4 d5 2.c4 dxc4 3.Nf3 Nf6 4.e3 Bg4 5.Bxc4 e6 6.Nc3 a6 7.h3 Bh5 8.Be2 Nc6
9.b3 Bd6 10.Bb2 O-O 11.O-O Qe8 12.Rc1 Rd8 13.Na4 Ne4 14.Nd2 Bxe2 15.Qxe2 
Nxd2 16.Qxd2 Qe7 17.Rfd1 e5 18.d5 Nb8 19.e4 Nd7 20.Bc3 b5 21.Ba5 bxa4 22.
Bxc7 Rc8 23.Qa5 axb3 24.axb3 Nf6 25.Bxd6 Qxd6 26.f3 Nh5 27.Rc4 Nf4 28.Kh2 
h5 29.Rdc1 Rb8 30.Rc6 Qb4 31.Qc7 Qxb3 32.d6 Ne6 33.Qe7 Rbd8 34.d7 a5 35.
Rc8 Qb4 36.R1c5 Kh7 37.Qh4 Nxc5 38.Rxd8 Rxd8 39.Qxd8 Qd2 40.Qh4 Nxd7 0-1

[Event "Maribor it"]
[Site "Maribor YUG"]
[Date "1980.10.29"]
[Round "6"]
[White "Kuligowski, Adam"]
[Black "Ree, Hans"]
[Result "1/2-1/2"]
[WhiteElo "2405"]
[BlackElo "2520"]
[EventDate "1980.10.23"]
[PlyCount "27"]
[Source "Perpetual Check"]

1.c4 e5 2.Nc3 d6 3.g3 g6 4.Bg2 Bg7 5.e4 Nf6 6.Nge2 O-O 7.O-O c6 8.d3 a6 9.
h3 b5 10.f4 exf4 11.Bxf4 Be6 12.cxb5 axb5 13.a3 Qe7 14.Qd2 1/2-1/2

[Event "Maribor it"]
[Site "Maribor YUG"]
[Date "1980.10.29"]
[Round "6"]
[White "Knezevic, Milorad"]
[Black "Supancic, Darko"]
[Result "1/2-1/2"]
[WhiteElo "2490"]
[BlackElo "2335"]
[EventDate "1980.10.23"]
[PlyCount "57"]
[Source "Perpetual Check"]

1.d4 Nf6 2.c4 e6 3.Nc3 Bb4 4.Qc2 O-O 5.a3 Bxc3+ 6.Qxc3 b6 7.Bg5 Bb7 8.e3 
d6 9.f3 Nbd7 10.Bd3 c5 11.Ne2 Rc8 12.O-O Ba6 13.b3 cxd4 14.Qxd4 Nc5 15.Bc2
h6 16.Bxf6 Qxf6 17.Qxf6 gxf6 18.Rfe1 b5 19.cxb5 Bxb5 20.Nd4 Bd7 21.e4 e5 
22.Ne2 Bb5 23.Ng3 Ne6 24.Bd1 Nd4 25.Nh5 f5 26.exf5 f6 27.f4 Rc3 28.Ng3 Bd3
29.fxe5 1/2-1/2

[Event "Maribor it"]
[Site "Maribor YUG"]
[Date "1980.10.29"]
[Round "6"]
[White "Speelman, Jonathan Simon"]
[Black "Polajzer, Danilo"]
[Result "1-0"]
[WhiteElo "2490"]
[BlackElo "2215"]
[EventDate "1980.10.23"]
[PlyCount "55"]
[Source "Perpetual Check"]

1.c4 c5 2.Nf3 Nf6 3.Nc3 e6 4.g3 b6 5.Bg2 Bb7 6.O-O Be7 7.Re1 O-O 8.e4 d6 
9.d4 cxd4 10.Nxd4 Qc8 11.Bf4 Rd8 12.Rc1 Nbd7 13.Qe2 a6 14.Nd5 Bf8 15.Bg5 
Re8 16.Bxf6 gxf6 17.Bh3 Bg7 18.Nf4 Ne5 19.Nh5 Qc5 20.Nb3 Qc6 21.f4 Ng6 22.
Nxg7 Kxg7 23.Qf2 a5 24.Nd4 Qc5 25.Bg2 Rad8 26.Red1 Kg8 27.Nb5 Ba6 28.Qxc5 
1-0